000 01023nam a22001937a 4500
003 JO-AjAnu
005 20240708091022.0
008 240706b jo ||||| |||| 00| 0 ara d
040 _cJO-AjAnu
041 _aARA
100 1 _aبني فواز ، مرام زكي يوسف
_966019
_eمعد
245 0 _a]دور مجلس الأمن الدولي في التأثير على عمل المحكمة الجنائية الدولية =The Role of the UN Security council in Influencing the Work of the international Criminal Court /
_cاعداد مرام زكي يوسف بني فواز ؛ إشراف طلال العيسى
260 _c2024
300 _a117 ورقة
500 _a رسالة جامعية (ماجستير) .- جامعة عجلون الوطنية (عجلون، الأردن)، كلية الحقوق، تخصص القانون، 2024
650 7 0 _aمجلس الامن - المحكمة الجنائية الدولية
_966020
700 1 _aالعيسى،طلال
_966021
_eمشرف
942 _2lcc
_cTHS
_n0
999 _c33564
_d33564